000 00602nam a2200241 a 4500
001 nice12345678
003 IN_TiNIC
005 20260116011447.0
008 050524s1931 lona grp 000 0 eng
020 _a
_c0
082 0 0 _a266.0954
_bMCL
100 _aMcleish, Alexander
245 _aFrontier Peoples of India
_b a Missionary Survey.
260 _aLondon
_bWorld Dominion Press
_c1931
300 _a202p
500 _aincludes index and biblioraphy
505 2 _aIndex
650 _aMissions-India
700 1 _aMcleish, Alexander
902 _bSRS
942 _cBK
999 _c1729
_d1729